000 00581nam a2200181Ia 4500
008 100920s9999 xx 000 0 und d
082 _b4705
_a891.43 0
100 _aयज्ञदत्त.
245 _aनिर्माण- पथ.
260 _bराजपाल एण्ड सन्स ,कश्मीरी गेट, दिल्ली.
_c0
300 _a216
_bसाधी
365 _b4
520 _aहिंदी.
630 _aनिर्माण- पथ.
650 _aहिंदी.
730 _aनिर्माण- पथ.
942 _cBOOK
999 _c674143
_d674140